Statistics for 2010 US Championships (All Around)

Click here to take the quiz!

General Stats

  • This quiz has been taken 47 times
  • The average score is 10 of 22

Answer Stats

Home GymVTUBBBFXGymnast% Correct
Brestyan's15.20013.95014.10014.850Alexandra Raisman
93%
WOGA14.65014.90015.40014.950Rebecca Bross
93%
Brestyan's15.7000.00014.9500.000Alicia Sacramone
85%
Sharp's0.0000.00013.8500.000Bridget Sloan
78%
Legacy Elite0.00013.7500.0000.000Bridgette Caquatto
70%
Legacy Elite14.60013.90014.05014.000Mackenzie Caquatto
70%
WOGA13.95013.85011.45013.150Sophia Lee
70%
All Olympia15.10014.35014.00015.350Mattie Larson
55%
Hill's15.00013.65014.10014.800Kytra Hunter
48%
UCLA14.30014.20013.10013.750Vanessa Zamarripa
45%
GK Gym14.00012.00012.80013.050Brandie Jay
43%
Texas Dreams14.40013.70013.80014.300Chelsea Davis
30%
All Olympia13.90014.10014.75014.550Samantha Shapiro
28%
Cincinnati14.10014.6500.00014.050Cassandra Whitcomb
23%
Ace14.50014.05012.85013.150Georgia Dabritz
23%
Precision14.20013.40013.45013.250Kaitlyn Clark
23%
Southern Tier14.30012.95013.25013.750Lauren Beers
20%
Brandy Johnson's14.65014.35013.8500.000Morgan Smith
18%
Charter Oak13.50013.65013.40013.400Jaclyn McCartin
13%
Gymnasiana14.00013.15013.05013.150Rheagan Courville
13%
WOGA14.00012.85013.70013.600Briley Casanova
10%
Parkettes13.90013.00012.90012.950Annette Miele
8%

Score Distribution

Percentile by Number Answered

Percent of People with Each Score

Your Score History

You have not taken this quiz